Predaná nevesta : opera v 3 dejstvách /

Hlavní autor: Sabina, Karel, 1813-1877
Další autoři: Smetana, Bedřich, 1824-1884
Jazyk: Slovenština
Vydáno: Bratislava : Slovenské vydavateľstvo krásnej literatúry, 1960
Vydání: 1. vyd.
Edice: Edícia operných libriet
Fyzický popis: 93 s. ; 8°
Knihy
Uloženo v:
LEADER 01019nam a22002772a 4500
001 000965850
003 CZ BrMZK
005 20100208141151.0
007 ta
008 090915s1960 xo er|||||||||||slo d
040 |a ABA001  |b cze  |c ABA001  |d ABA001  |d BOA001 
041 1 |a slo  |h cze 
100 1 |a Sabina, Karel,  |d 1813-1877  |7 jk01110239  |4 lbt 
245 1 0 |a Predaná nevesta :  |b opera v 3 dejstvách /  |c libreto napísal Karel Sabina ; [hudba] Bedřich Smetana ; preložil Arnold Flögl a Ľudo Ondrejov 
250 |a 1. vyd. 
260 |a Bratislava :  |b Slovenské vydavateľstvo krásnej literatúry,  |c 1960 
300 |a 93 s. ;  |c 8° 
490 1 |a Edícia operných libriet ;  |v zv. 11 
500 |a Přeloženo z češtiny 
504 |a Obsahuje bibliografii 
700 1 |a Smetana, Bedřich,  |d 1824-1884  |7 jk01120043  |4 cmp 
830 0 |a Edícia operných libriet 
910 |a BOA001  |b 1-0437.495 
990 |a BK 
991 |b 200909 
996 7 |b 2619430696  |c 1-0437.495  |l MZK  |r Sklad / do 1 hodiny  |n 0  |w 000965850  |u 000010  |a 1  |e BOA001  |j MZK50  |s A